LEADER 00767nam0-22002771i-450- 001 990001065110403321 005 20070201130006.0 035 $a000106511 035 $aFED01000106511 035 $a(Aleph)000106511FED01 035 $a000106511 100 $a20001205d1973----km-y0itay50------ba 101 0 $aeng 102 $aUS 200 1 $a<>Stanford arms control text$edraft$fStanford University 210 $aStanford$cStanford University Press$d1973 300 $aPreliminary ed. 610 0 $aScienza e guerra 710 02$aStanford University$050719 801 0$aIT$bUNINA$gRICA$2UNIMARC 901 $aBK 912 $a990001065110403321 952 $a1I-002$b11662$fFI1 959 $aFI1 996 $aStanford arms control text$9339989 997 $aUNINA